Cities in Virginia by picture - Statistics

General Stats
  • This quiz has been taken 8 times
  • The average score is 6 of 16
Answer Stats
Picture Answer % Correct
Richmond
100%
Roanoke
86%
Arlington
71%
Norfolk
71%
Virginia Beach
71%
Lynchburg
57%
Alexandria
43%
Radford
29%
Waynesboro
29%
Covington
14%
Galax
14%
Hampton
14%
Norton
14%
Suffolk
14%
Fredricksburg
0%
Martinsville
0%
No matching quizzes found
Score Distribution
Percent of People with Each Score
Percentile by Number Answered
Your Score History
You have not taken this quiz